000 00445nam a2200133Ia 4500
008 100328s9999 xx 000 0 und d
082 _b19552
100 _aटोळ दत्ता श्री.
245 _aमृत्यूंजयाच्या कथा
260 _bअनंत
630 _aमृत्यूंजयाच्या कथा
730 _aमृत्यूंजयाच्या कथा
942 _cBOOK
999 _c513851
_d513848